Movies Quiz

Random Movies Quiz

Movies by 3 Words Quiz Stats

 Plays Quiz not verified by Sporcle

Challenge
Share
Tweet
Embed
Score 0/44 Timer 10:00
0 Plays Today
3 Words Movie % Correct
patriarch/ mob/ dynastyThe Godfather
86.7%
janitor/ MIT/ mathematicsGood Will Hunting
84.2%
ogre/ swamp/ princessShrek
84.2%
Archeologist/ government/ Nazis Raiders of the Lost Ark
79.8%
dream/ invasion/ thiefInception
79.8%
chronicle/ facebook/ foundingThe Social Network
79.3%
golf/ member/ gopherCaddyshack
78.3%
rat/ French/ cookingRatatouille
76.8%
musical/ youngsters/ gangsWest Side Story
76.4%
teenager/ visions/ rabbitDonnie Darko
75.4%
detectives/ killer/ sinsSe7en
72.4%
friends/ mob/ hierarchyGoodfellas
70.4%
millionaire/ rug/ bowlingThe Big Lebowski
70.4%
Roman/ betrayed/ princeGladiator
69.5%
stammer/ therapist/ throneThe King's Speech
69%
skinheads/ brother/ pathAmerican History X
67%
boxer/ violence/ temperRaging Bull
67%
cyborg/ future/ stopThe Terminator
66.5%
family/ beauty/ pageantLittle Miss Sunshine
66%
couple/ erase/ memoryEternal Sunshine of the Spotless Mind
65%
depressed/ suburban/ infatuationAmerican Beauty
62.6%
Polish/ musician/ destructionThe Pianist
62.6%
3 Words Movie % Correct
coach/ racism/ footballRemember the Titans
62.6%
mathematician/ secret/ cryptographyA Beautiful Mind
61.6%
imprisoned/ bond/ decencyThe Shawshank Redemption
59.6%
cowboy/ jealous/ spacemanToy Story
54.2%
industrialist/ armored/ suitIron Man
53.7%
professor/ inspires/ seizeDead Poet's Society
51.7%
western/ black/ sherrifBlazing Saddles
51.7%
Homer/ 'Odyssey/ southO' Brother Where Art Thou?
50.7%
future/ before/ crimesMinority Report
50.7%
agent/ epiphany/ athleteJerry Maguire
50.2%
Amish/ murder/ policemanWitness
45.8%
delinquent/ experimental/ therapyA Clockwork Orange
40.9%
wishes/ magic/ adultBig
40.9%
boy/ girl/ voyageTitanic
40.4%
novelist/ 'rescued'/ obsessiveMisery
36.5%
Mayan/ sacrifice/ fleesApocalypto
31.5%
paraplegic/ moon/ homeAvatar
26.6%
unstable/ Vietnam/ prostitueTaxi Driver
20.7%
scaring/ power/ childrenMonsters, Inc.
19.7%
gunslinger/ prostitute/ jobUnforgiven
17.2%
$2,000,000/ hunt/ chaseNo Country for Old Men
15.8%
Jesuit/ tribe/ slaveryThe Mission
7.4%

You're not logged in!

Compare scores with friends on all Sporcle quizzes.
OR
Log In

You Might Also Like...

Show Comments

Extras

Created May 15, 2011ReportNominate
Tags:3-word, imdb, plot

Top Quizzes Today


Score Distribution

Your Account Isn't Verified!

In order to create a playlist on Sporcle, you need to verify the email address you used during registration. Go to your Sporcle Settings to finish the process.

Report this User

Report this user for behavior that violates our Community Guidelines.

Details: